000 00991nam a2200325Ia 4500
001 dia_4514
003 CHAP
005 20251023173248.0
008 220117s2005 xx 000 0 und d
010 _a175174
020 _a1-58488-425-8
040 _cCHAP
082 _a519.538 F37 2005
100 _aFaraway, Julian J.
_9156080
245 _aLinear models with R /
_c Julian J. Faraway
260 _aEstados Unidos de América :
_b Chapman & Hall :,
_b CRC,
_c2005
300 _ax, 229 p.
440 _aTexts in statistical science ; v. 63
_9156081
503 _aI. 251136
504 _aBibliografía: p. 223-225
590 _aQA279 F37 2005
650 _aAnálisis de regresión
_95974
650 _aAnálisis de varianza
_95977
650 _aAnalysis of variance
_9147258
650 _aRegression analysis
_9156082
901 _a519.538 F37 2005
902 _aM
905 _a5232272005 -usmn 8222223322eng16
942 _cLIBRO
_2ddc
999 _c175174
_d175174